000 00743cam a22002292 4500
001 0000007474
005 20151217161138.0
008 080207s xx 000 0 eng d
020 _a0421900504 :
_cKES
040 _aKABU
_cKABU
245 1 0 _aOsborn's concise law dictionary /
_cedited by Mick Woodley.
250 _a10th ed.
260 _aLondon :
_bSweet & Maxwell,
_c2005.
300 _avii, 491 p.
650 0 _aLaw
_vDictionaries
_zGreat Britain.
_@0000158665
650 0 _aLaw
_vDictionaries.
_@0000158666
700 1 _aWoodley, Mick.
_@0000158667
908 _a080207
950 _@1
999 _c15032
_d15032